Strigino International Airport Destinations (Nizhny Novgorod, Russia) - Statistics

General Stats
  • This quiz has been taken 16 times
    4 since last reset
  • The average score is 10 of 24
Answer Stats
Airline Destination % Correct
S7 Airlines Moscow (Domodedovo)
100%
Aeroflot/Rossiya Airlines Moscow (Sheremetyevo)
100%
Rossiya Airlines/Smartavia Saint Petersburg
100%
UVT Aero Kazan
75%
S7 Airlines Novosibirsk
75%
Aeroflot/Ikar/Nordwind Airlines Sochi
75%
UVT Aero Chelyabinsk
50%
Ikar Minsk
50%
Red Wings Airlines Samara
50%
Uzbekistan Airlines Tashkent
50%
Red Wings Airlines Yekaterinburg
50%
Aeroflot/Ural Airlines Antalya
25%
Kostroma Air Enterprise Kostroma
25%
Nordstar Airlines/Nordwind Airlines Makhachkala
25%
Ikar Mineralnye Vody
25%
Red Wings Airlines Tbilisi
25%
Ikar Ufa
25%
Red Wings Airlines/Shirak Avia Yerevan
25%
Red Wings Airlines Batumi
0%
Rossiya Airlines Hurghada
0%
Nordwind Airlines Kaliningrad
0%
Ikar Murmansk
0%
Nordstar Airlines Norilsk
0%
Rossiya Airlines/Ural Airlines Sharm El Sheikh
0%
No matching quizzes found
Score Distribution
Percent of People with Each Score
Percentile by Number Answered
Your Score History
You have not taken this quiz since the last reset